La legislación sobre los fertilizantes en América Latina /
Guardado en:
| Autor Principal: | |
|---|---|
| Autor Corporativo: | |
| Otros Autores: | |
| Formato: | Libro |
| Idioma: | Spanish |
| Publicado: |
Roma :
FAO,
1955.
|
| Series: | Cuaderno de fomento agropecuario ;
nº 50 |
| Etiquetas: |
Agregar Etiqueta
Sin Etiquetas, Sea el primero en etiquetar este registro!
|
| LEADER | 00670nam a22001695a 4500 | ||
|---|---|---|---|
| 001 | EEA.libagro001981 | ||
| 005 | 20141008131606.0 | ||
| 008 | 130809s1955####it#a##########000#0#spa#d | ||
| 082 | 0 | 4 | |a 363.1792 |
| 100 | 1 | |a Abensour, Emmanuel S. | |
| 245 | 1 | 3 | |a La legislación sobre los fertilizantes en América Latina / |c estudio preparado por E. S. Abensour, Moral López ... [et al.]. |
| 260 | |a Roma : |b FAO, |c 1955. | ||
| 300 | |a 85 p. : |b il. ; |c 23 cm. | ||
| 490 | 1 | |a Cuaderno de fomento agropecuario ; |v nº 50 | |
| 700 | 1 | |a López, Moral. | |
| 710 | 2 | |a Organización de las Naciones Unidas para la Agricultura y la Alimentación. | |
| 859 | |a AR-BbBCA |b BIB. AGRONOMIA |h 363.1792 |i F218 |p 1957/0085 | ||
